Chemical kinetics (Record no. 15004)

000 -LEADER
fixed length control field 00504nam a22001937a 4500
001 - CONTROL NUMBER
control field 15004
003 - CONTROL NUMBER IDENTIFIER
control field BD-DhUET
008 - FIXED-LENGTH DATA ELEMENTS--GENERAL INFORMATION
fixed length control field 150310b xxu||||| |||| 00| 0 eng d
040 ## - CATALOGING SOURCE
Original cataloging agency DLC
Transcribing agency DLC
Modifying agency BD-DhUET
082 ## - DEWEY DECIMAL CLASSIFICATION NUMBER
Classification number 541.394
Item number LAI/1965
100 ## - MAIN ENTRY--PERSONAL NAME
Personal name Laidler, Keith J.
245 ## - TITLE STATEMENT
Title Chemical kinetics
250 ## - EDITION STATEMENT
Edition statement 2nd ed.
260 ## - PUBLICATION, DISTRIBUTION, ETC. (IMPRINT)
Place of publication, distribution, etc. New Delhi
Name of publisher, distributor, etc. Tata McGraw-Hill
Date of publication, distribution, etc. 1965
300 ## - PHYSICAL DESCRIPTION
Extent viii,566p.
Other physical details illus.
504 ## - BIBLIOGRAPHY, ETC. NOTE
Bibliography, etc Includes bibliographies
650 #0 - SUBJECT ADDED ENTRY--TOPICAL TERM
Topical term or geographic name as entry element Kinetics : Reactions : Chemistry
942 ## - ADDED ENTRY ELEMENTS (KOHA)
Koha item type General Book
Holdings
Piece designation (barcode) Location (home branch) Koha item type Withdrawn status Source of classification or shelving scheme Sublocation or collection (holding branch) Date acquired Koha date last seen Price effective from Lost status Not for loan Koha full call number Copy number Shelving location Koha normalized classification for sorting Damaged status
33559Central Library, BUETGeneral Book  Central Library, BUET2015-03-102015-03-102015-03-10  541.394/LAI/19651Circulation section541_394000000000000_LAI_1965 
58458Central Library, BUETGeneral Book  Central Library, BUET2015-03-142015-03-142015-03-14  541.394/LAI/19652Circulation section541_394000000000000_LAI_1965 
58454Central Library, BUETGeneral Book  Central Library, BUET2015-03-142025-11-292015-03-14  541.394/LAI/19653Circulation section541_394000000000000_LAI_1965 
58460Central Library, BUETGeneral Book  Central Library, BUET2015-03-142015-03-142015-03-14  541.394/LAI/19654Circulation section541_394000000000000_LAI_1965 
29718Central Library, BUETGeneral Book  Central Library, BUET2015-03-142015-03-142015-03-14  541.394/LAI/19655Circulation section541_394000000000000_LAI_1965